000 00299nam a2200121 4500
082 0 _a405
100 1 _aLyth, R. E.
245 1 0 _aThe murle language and vocabulary
_cR. E. Lyth
260 _aKhartoum
_cc.1971
300 _a3 sections
700 1 _aThe murle language and vocabulary
942 _2ddc
_cBK
999 _c64222
_d64196